000 00371pab a2200157 454500
008 180718b2009 xxu||||| |||| 00| 0 eng d
100 _aBanerjee, Sumanta
245 _aBeyond the debacle
260 _c2009
300 _ap.23-26.
362 _a27 Jun
650 _aPolitics and government
773 _aEconomic and Political Weekly
908 _aN
909 _a83002
999 _c83002
_d83002